000 00341nam a2200145Ia 4500
008 150201s2002 xx 000 0 und d
082 _a612.015
_bM2002B
100 _aBHARGAVAN ,N.V.
245 _aMEDICAL BIOCHEMISTRY
250 _a4TH
260 _bELSEVIER
_aDELHI
_c2002
300 _a1-1016
650 _aBIOCHEMISTRY
942 _2ddc
_cBK
999 _c3414
_d3414